[Event "BCF-chT4 0607 (4NCL)"]
[Site "Sunningdale"]
[Date "2006.09.23"]
[Round "1.4"]
[White "Spencer, Douglas"]
[Black "Gordon, Callum"]
[Result "0-1"]
[WhiteElo "1970"]
[BlackElo "2035"]
[PlyCount "64"]
[EventDate "2006.09.16"]
[EventType "team"]
[EventRounds "11"]
[EventCountry "ENG"]
[SourceTitle "CBM 115 Extra"]
[Source "ChessBase"]
[SourceDate "2007.01.10"]
[SourceVersion "1"]
[SourceVersionDate "2007.01.10"]
[SourceQuality "1"]
[WhiteTeam "King supp Pawn"]
[BlackTeam "Warwicks Select II"]
[WhiteTeamCountry "ENG"]
[BlackTeamCountry "ENG"]

1. d4 Nf6 2. c4 c5 3. d5 e6 4. Nc3 exd5 5. cxd5 d6 6. e4 g6 7. Nf3 a6 8. a4 Bg4 9. Bg5 Bg7 10. Bd3 0-0 11. 0-0 Re8 12. h3 Bxf3 13. Qxf3 Nbd7 14. Qf4 Qb6 15. Qd2 c4 16. Bxc4 Nxe4 17. Nxe4 Rxe4 18. Qc2 Rae8 19. Rab1 Qc5 20. Bd3 R4e5 21. Be3 Qxd5 22. Bc4 Qc6 23. Qb3 d5 24. Bd3 d4 25. Bf4 Nc5 26. Qc2 Nxd3 27. Qxd3 Re4 28. Bd2 Qxa4 29. Rbc1 Re2 30. Rc7 Qb5 31. Qxb5 axb5 32. Rd1 Rxd2 0-1

[Event "BCF-chT4 0506 (4NCL)"]
[Site "West Bromwich"]
[Date "2006.02.12"]
[Round "6.2"]
[White "Horton, Justin"]
[Black "Gordon, Callum"]
[Result "1-0"]
[WhiteElo "2110"]
[BlackElo "2060"]
[PlyCount "77"]
[EventDate "2005.11.05"]
[EventType "team"]
[EventRounds "11"]
[EventCountry "ENG"]
[SourceTitle "CBM 109 Extra"]
[Source "ChessBase"]
[SourceDate "2006.01.03"]
[SourceVersion "2"]
[SourceVersionDate "2006.01.03"]
[SourceQuality "1"]
[WhiteTeam "Guildford IV"]
[BlackTeam "Warwicks Select II"]
[WhiteTeamCountry "ENG"]
[BlackTeamCountry "ENG"]

1. Nf3 g6 2. d4 Bg7 3. c4 Nf6 4. g3 c5 5. Bg2 cxd4 6. Nxd4 0-0 7. 0-0 Nc6 8. Nc3 Ng4 9. e3 Nge5 10. b3 d6 11. Bb2 Bg4 12. f3 Bd7 13. Qd2 Nxd4 14. exd4 Nc6 15. Nd5 e6 16. Ne3 Qb6 17. Rad1 Rad8 18. Kh1 Ne7 19. Bc3 Qa6 20. a4 b6 21. f4 f6 22. Bb4 Bc8 23. d5 e5 24. Qe2 f5 25. fxe5 Bxe5 26. Nc2 Rde8 27. Qd2 Kh8 28. Nd4 Bd7 29. Rfe1 Ng8 30. Nf3 Rf7 31. Rxe5 dxe5 32. Bc3 Nf6 33. Nxe5 Kg8 34. Nxf7 Kxf7 35. Qd4 Nh5 36. Bf3 Re4 37. Bxe4 fxe4 38. Rf1+ Ke7 39. Qe5+ 1-0

[Event "BCF-chT4 0506 (4NCL)"]
[Site "West Bromwich"]
[Date "2005.12.04"]
[Round "4.3"]
[White "Gordon, Callum"]
[Black "Davies, Peter L"]
[Result "1-0"]
[WhiteElo "2060"]
[BlackElo "1929"]
[PlyCount "106"]
[EventDate "2005.11.05"]
[EventType "team"]
[EventRounds "11"]
[EventCountry "ENG"]
[SourceTitle "CBM 109 Extra"]
[Source "ChessBase"]
[SourceDate "2006.01.03"]
[SourceVersion "2"]
[SourceVersionDate "2006.01.03"]
[SourceQuality "1"]
[WhiteTeam "Warwicks Select II"]
[BlackTeam "Pontypridd"]
[WhiteTeamCountry "ENG"]
[BlackTeamCountry "ENG"]

1. d4 Nf6 2. Bg5 g6 3. Bxf6 exf6 4. c4 Bg7 5. Nc3 f5 6. e3 d6 7. g3 Nd7 8. Nge2 Nf6 9. Bg2 c6 10. 0-0 0-0 11. b4 a6 12. b5 axb5 13. cxb5 d5 14. a4 Re8 15. Qd3 Ne4 16. Rfb1 Be6 17. b6 Ra6 18. a5 Qa8 19. Nxe4 fxe4 20. Qd2 c5 21. dxc5 Bxa1 22. Rxa1 Qc8 23. Qb4 Bh3 24. Nd4 Bxg2 25. Kxg2 Qd7 26. Nb5 Rc8 27. Nd6 Rc6 28. Rd1 Rxd6 29. cxd6 Qc6 30. Qd2 Qxd6 31. Qxd5 Qxd5 32. Rxd5 Kg7 33. g4 Kf6 34. h4 Ke6 35. Rc5 h6 36. Kg3 f6 37. Kf4 Kd6 38. Rc7 Rxa5 39. Rxb7 Rb5 40. Kxe4 Rb4+ 41. Kf3 Ke6 42. Rb8 Kf7 43. b7 Kg7 44. h5 g5 45. Ke2 Rb6 46. Kd3 Rb5 47. Kc4 Rb1 48. Kd5 Rb6 49. Kc5 Rb1 50. Kd6 Rd1+ 51. Ke6 Rb1 52. Rd8 Rb6+ 53. Rd6 Rb2 1-0